000 00529nam a22001697a 4500
005 20251108164220.0
008 250721s1986 xx 000 0 ara d
082 1 4 _a780/عزي
100 1 _aالشوان، عزيز
245 1 0 _aالموسيقى :
_bتعبير نغمي - و منطق /
264 1 _aالقاهرة :
_bالهيئه المصريه العامه للكتاب،
_c1986.
300 _a147ص
490 0 _aالألف كتاب الثاني ؛ 15
650 1 7 _aالموسيقى
942 _2ddc
_cBK
999 _c6592
_d6592